Advanced thermal insulation technologies in the built environment (Record no. 115015)

MARC details
000 -LEADER
fixed length control field 00875cam a22002655a 4500
001 - CONTROL NUMBER
control field L157896
008 - FIXED-LENGTH DATA ELEMENTS--GENERAL INFORMATION
fixed length control field 121121s2013 xxko f 000 0 eng d
020 ## - INTERNATIONAL STANDARD BOOK NUMBER
International Standard Book Number 9781848063143
035 ## - SYSTEM CONTROL NUMBER
System control number (Sirsi) u157896
041 0# - LANGUAGE CODE
Language code of text/sound track or separate title eng
100 1# - MAIN ENTRY--PERSONAL NAME
Personal name Livesey, Katie
245 00 - TITLE STATEMENT
Title Advanced thermal insulation technologies in the built environment
260 ## - PUBLICATION, DISTRIBUTION, ETC.
Place of publication, distribution, etc. Watford
Name of publisher, distributor, etc. BRE
Date of publication, distribution, etc. 2013
300 ## - PHYSICAL DESCRIPTION
Extent 16p.
Other physical details ill.
Dimensions 30cm.
490 #0 - SERIES STATEMENT
Series statement BRE Information Paper
Volume/sequential designation (4/13)
520 ## - SUMMARY, ETC.
Summary, etc. Reviews thermal insulation products, with a focus on advanced thermal insulation technologies such as aerogels, vacuum insulated panels, gas-filled panels, and phase change materials.
521 ## - TARGET AUDIENCE NOTE
Target audience note Advanced
590 ## - LOCAL NOTE (RLIN)
Local note KA
651 #4 - SUBJECT ADDED ENTRY--GEOGRAPHIC NAME
Geographic name United Kingdom
Chronological subdivision
690 ## - LOCAL SUBJECT ADDED ENTRY--TOPICAL TERM (OCLC, RLIN)
Topical term or geographic name as entry element Building materials and defects
700 1# - ADDED ENTRY--PERSONAL NAME
Personal name Suttie, Ed
700 1# - ADDED ENTRY--PERSONAL NAME
Personal name Scovell, Katherine
700 1# - ADDED ENTRY--PERSONAL NAME
Personal name Thielmans, Wim
942 ## - ADDED ENTRY ELEMENTS (KOHA)
Suppress in OPAC 0
Holdings
Withdrawn status Lost status Source of classification or shelving scheme Damaged status Not for loan Home library Current library Shelving location Date acquired Total Checkouts Full call number Barcode Date last seen Copy number Price effective from Koha item type
    Dewey Decimal Classification     London London Books 25/06/2013   BRE 30075005 06/08/2019 1 06/08/2019 Book